Taylor Swift - Une lettre, une chanson - Statistiques

Statistiques générales
  • Ce quiz a été pris 11 277 fois
    3 142 depuis la dernière actualisation
  • Le résultat moyen est 13 sur 25
Statistiques - réponses
Lettres Chansons % Correct
C Call It What You Want / CANCELLED! / cardigan / Cassandra / Champagne Problems / Change / Carolina / Castles Crumbing / Chloe or Sam or Sophia or Marcus / Christmas Must Be Something More / Christmas Tree Farm / Christmases When You Were Mine / Clara Bow / Clean / Closure / Cold As You / Come Back... Be Here / Come In With The Rain / Coney Island / Cornelia Street / Cowboy Like Me / Crazier / Cruel Summer
83%
A Actually Romantic / Afterglow / The Albatross / The Alchemy / All Of The Girls You Loved Before / All Too Well / All You Had to Do Was Stay / Anti-Hero / The Archer / august
81%
B Babe / Back to December / Bad Blood / Beautiful Eye / Beautiful Ghosts / The Best Day / Begin Again / Bejeweled / Better Man / Better Than Revenge / Betty / Bigger Than The Whole Sky / The Black Dog / Blank Space / The Bolter / Breathe / But Daddy I Loved Him / Bye Bye Baby
81%
L Labyrinth / the lakes / Last Christmas / the last great american dynasty / Last Kiss / The Last Time / Lavender Haze / The Life of a Showgirl / loml / London Boy / Long Live / Long Story Short / Look What You Made Me Do / Love Story / Lover / The Lucky One
75%
F False God / The Fate of Ophelia / Father Figure / Fearless / Fifteen / Florida!!! / Foolish One / Forever & Always / Forever Winter / Fortnight / Fresh Out the Slammer
72%
D Dancing With Our Hands Tied / Daylight / Dear John / Dear Reader / Death By a Thousand Cuts / Delicate / Don't Blame Me / Don't You / Dorothea / Down Bad / Dress
71%
E Eldest Daughter / Electric Touch / Elizabeth Taylor / Enchanted / End Game / epiphany / Evermore / Everything Has Changed / exile / Eyes Open
69%
M Macavity / mad woman / The Man / The Manuscript / Marjorie / Maroon / Mary's Song (Oh My My My) / Mastermind / ME! / Mean / Message in a Bottle / Midnight Rain / Mine / mirrorball / Miss Americana & the Heartbreak Prince / The Moment I Knew / Mr. Perfectly Fine / My Boy Only Breaks His Favorite Toys / my tears ricochet
66%
S Sad Beautiful Tragic / Santa Baby / Say Don't Go / seven / Shake It Off / Should’ve Said No / Silent Night / "Slut!" / The Smallest Man Who Ever Lived / So High School / So It Goes… / So Long, London / Soon You’ll Get Better / Sparks Fly / Speak Now / Snow on the Beach / Starlight / State of Grace / Stay Beautiful / Stay Stay Stay / The Story Of Us / Style / Suburban Legend / Superman / Superstar / Sweet Nothing / Sweeter Than Fiction
59%
Chiffre the 1 / 22
57%
I I Almost Do / I Bet You Think About Me / I Can Fixe Hime (No Really I Can) / I Can Do It With a Broken Heart / I Can See You / I Did Something Bad / If This Was a Movie / I Forgot That You Existed / I Hate It Here / I Heart? / I Look In People's Windows / I Knew It, I Knew You / I Knew You Were Trouble / I Know Places / Imgonnagetyouback / I Think He Knows / I'm Only Me When I'm With You / If This Was A Movie / illicit affairs / Innocent / Invisible / invisible strings / Is It Over Now / It's Nice to Have A Friend / It’s Time To Go / Ivy / I Wish You Would
52%
G Getaway Car / Girl At Home / Glitch / Gold Rush / Gorgeous / The Great War / Guilty as Sin?
51%
R ...Ready For It? / Red / Right Where You Left Me / Robin / Ronan / Ruin the Friendship / Run
49%
O Only The Young / Opalite / The Other Side Of The Door / Our Song / Ours / Out of the Woods / The Outside
48%
W The Way I Loved You / We Are Never Ever Getting Back Together / We Were Happy / Welcome To New York / When Emma Falls In Love / White Christmas / White Horse / Who's Afraid of Little Old Me / Wildest Dreams / Willow / Wi$h Li$t / Wonderland / Wood / Would’ve Could’ve Should’ve
47%
H Happiness / Haunted / Hey Stephen / High Infidelity / Hits Different / Hoax / Holy Ground / Honey / How Did It End? / How You Get the Girl
46%
Y You All Over Me / You Are In Love / You Belong With Me / You Need To Calm Down / You're Losing Me / You’re Not Sorry / You’re On Your Own, Kid
41%
K Karma / King of my Heart
38%
P Paper Rings / Paris / peace / A Perfectly Good Heart / Peter / A Place in This World / Picture to Burn / The Prophecy
38%
N Never Grow Up / New Romantics / New Year’s Day / No Body, No Crime / Nothing New / Now That We Don't Talk
31%
Q Question...?
30%
T Teardrops On My Guitar / Tell Me Why / thanK you AImee / That's When / this is me trying / This Is Why We Can't Have Nice Things / This Love / Tied Together With A Smile / Timeless / Tim McGraw / 'Tis The Damn Season / Tolerate It / Treacherous
27%
J Jump Then Fall
19%
V The Very First Night / Vigilante Shit
18%
U Untouchable
11%
Aucun quiz correspondant
Distribution des résultats
% des personnes avec chaque résultat
Percentile par nombre de réponses
Votre historique - résultats
Vous n’avez pas pris ce quiz depuis la dernière actualisation